<?xml version="1.0" encoding="UTF-8"?>
<record
    xmlns:xsi="http://www.w3.org/2001/XMLSchema-instance"
    xsi:schemaLocation="http://www.loc.gov/MARC21/slim http://www.loc.gov/standards/marcxml/schema/MARC21slim.xsd"
    xmlns="http://www.loc.gov/MARC21/slim">

  <leader>00797nam a22001817a 4500</leader>
  <controlfield tag="005">20260609090419.0</controlfield>
  <controlfield tag="008">260609b        |||||||| |||| 00| 0 eng d</controlfield>
  <datafield tag="020" ind1=" " ind2=" ">
    <subfield code="a">9960880044</subfield>
  </datafield>
  <datafield tag="040" ind1=" " ind2=" ">
    <subfield code="c">.</subfield>
  </datafield>
  <datafield tag="082" ind1=" " ind2=" ">
    <subfield code="a">915, 300104 D663 2003</subfield>
  </datafield>
  <datafield tag="100" ind1=" " ind2=" ">
    <subfield code="a">&#x62F;&#x627;&#x631;&#x629; &#x627;&#x644;&#x645;&#x644;&#x643; &#x639;&#x628;&#x62F;&#x627;&#x644;&#x639;&#x632;&#x64A;&#x632; </subfield>
  </datafield>
  <datafield tag="245" ind1=" " ind2=" ">
    <subfield code="a">&#x627;&#x644;&#x631;&#x62D;&#x644;&#x627;&#x62A; &#x625;&#x644;&#x649; &#x634;&#x628;&#x629; &#x627;&#x644;&#x62C;&#x632;&#x64A;&#x631;&#x629;  &#x627;&#x644;&#x639;&#x631;&#x628;&#x64A;&#x629;  :</subfield>
    <subfield code="b">&#x628;&#x62D;&#x648;&#x62B; &#x646;&#x62F;&#x648;&#x629; &#x627;&#x644;&#x631;&#x62D;&#x644;&#x627;&#x62A; &#x627;&#x644;&#x649; &#x634;&#x628;&#x629; &#x627;&#x644;&#x62C;&#x632;&#x64A;&#x629; &#x627;&#x644;&#x639;&#x631;&#x628;&#x64A;&#x629; &#x627;&#x644;&#x645;&#x646;&#x639;&#x642;&#x62F;&#x629; &#x641;&#x64A; &#x627;&#x644;&#x631;&#x64A;&#x627;&#x636; &#x641;&#x64A; &#x627;&#x644;&#x645;&#x62F;&#x629; &#x645;&#x646; 24 - 27 &#x631;&#x62C;&#x628; 1421</subfield>
    <subfield code="c">&#x62F;&#x627;&#x631;&#x629; &#x627;&#x644;&#x645;&#x644;&#x643; &#x639;&#x628;&#x62F;&#x627;&#x644;&#x639;&#x632;&#x64A;&#x632; </subfield>
  </datafield>
  <datafield tag="250" ind1=" " ind2=" ">
    <subfield code="a">1 &#x637;</subfield>
  </datafield>
  <datafield tag="260" ind1=" " ind2=" ">
    <subfield code="b">&#x627;&#x644;&#x633;&#x639;&#x648;&#x62F;&#x64A;&#x629; , &#x627;&#x644;&#x631;&#x64A;&#x627;&#x636; , &#x62F;&#x627;&#x631;&#x629; &#x627;&#x644;&#x645;&#x644;&#x643; &#x639;&#x628;&#x62F;&#x627;&#x644;&#x639;&#x632;&#x64A;&#x632; , 2003</subfield>
  </datafield>
  <datafield tag="300" ind1=" " ind2=" ">
    <subfield code="a">602 &#x635;</subfield>
    <subfield code="c">25 &#x633;&#x645;</subfield>
  </datafield>
  <datafield tag="650" ind1=" " ind2=" ">
    <subfield code="z">&#x627;&#x644;&#x62C;&#x632;&#x64A;&#x631;&#x629; &#x627;&#x644;&#x639;&#x631;&#x628;&#x64A;&#x629;  - &#x648;&#x635;&#x641; &#x627;&#x644;&#x631;&#x62D;&#x644;&#x627;&#x62A; </subfield>
  </datafield>
  <datafield tag="942" ind1=" " ind2=" ">
    <subfield code="2">ddc</subfield>
    <subfield code="c">BK-AR</subfield>
    <subfield code="n">0</subfield>
  </datafield>
  <datafield tag="999" ind1=" " ind2=" ">
    <subfield code="c">8968</subfield>
    <subfield code="d">8968</subfield>
  </datafield>
  <datafield tag="952" ind1=" " ind2=" ">
    <subfield code="0">0</subfield>
    <subfield code="1">0</subfield>
    <subfield code="2">ddc</subfield>
    <subfield code="4">0</subfield>
    <subfield code="7">0</subfield>
    <subfield code="a">CENTRAL</subfield>
    <subfield code="b">CENTRAL</subfield>
    <subfield code="d">2026-06-09</subfield>
    <subfield code="l">0</subfield>
    <subfield code="o">915 , 300104 D663 2003</subfield>
    <subfield code="p">1000000018122</subfield>
    <subfield code="r">2026-06-09 10:34:55</subfield>
    <subfield code="t">C1</subfield>
    <subfield code="w">2026-06-09</subfield>
    <subfield code="y">BK-AR</subfield>
  </datafield>
  <datafield tag="952" ind1=" " ind2=" ">
    <subfield code="0">0</subfield>
    <subfield code="1">0</subfield>
    <subfield code="2">ddc</subfield>
    <subfield code="4">0</subfield>
    <subfield code="7">0</subfield>
    <subfield code="a">CENTRAL</subfield>
    <subfield code="b">CENTRAL</subfield>
    <subfield code="d">2026-06-09</subfield>
    <subfield code="l">0</subfield>
    <subfield code="o">915 , 300104 D663 2003</subfield>
    <subfield code="p">1000000018121</subfield>
    <subfield code="r">2026-06-09 10:35:59</subfield>
    <subfield code="t">C1</subfield>
    <subfield code="w">2026-06-09</subfield>
    <subfield code="y">BK-AR</subfield>
  </datafield>
</record>
